CERN Accélérateur de science

000355644 001__ 355644
000355644 003__ SzGeCERN
000355644 005__ 20160630045209.0
000355644 0248_ $$aoai:cds.cern.ch:355644$$pcerncds:SCAN$$pcerncds:SCAN:FULLTEXT$$pcerncds:FULLTEXT
000355644 035__ $$9SPIRES$$a3742679
000355644 035__ $$9Inspire$$a469818
000355644 041__ $$aeng
000355644 088__ $$9SCAN-9805100
000355644 088__ $$aLYCEN-98-15
000355644 100__ $$aMarie, N
000355644 245__ $$aExperimental determination of fragment excitation energies in multifragmentation events
000355644 260__ $$c1998
000355644 269__ $$aLyon$$bCNRS Lyon. Inst. Phys. Nucl.$$cApr 1998
000355644 300__ $$a46 p
000355644 595__ $$aSIS UNC98
000355644 65017 $$2SzGeCERN$$aNuclear Physics
000355644 690C_ $$aARTICLE
000355644 700__ $$aChbihi, A
000355644 700__ $$aNatowitz, J B
000355644 700__ $$aLefèvre, A
000355644 700__ $$aSalou, S
000355644 700__ $$aWieleczko, J P
000355644 700__ $$aGingras, L
000355644 700__ $$aAssenard, M
000355644 700__ $$aAuger, G
000355644 700__ $$aBacri, C O
000355644 700__ $$aBocage, F
000355644 700__ $$aBorderie, B
000355644 700__ $$aBougault, R
000355644 700__ $$aBrou, R
000355644 700__ $$aBuchet, P
000355644 700__ $$0AUTHOR|(CDS)2071355$$9#BEARD#$$aCharvet, J L
000355644 700__ $$aCibor, J
000355644 700__ $$aColin, J
000355644 700__ $$aCussol, D
000355644 700__ $$aDayras, R
000355644 700__ $$aDemeyer, A N
000355644 700__ $$aDoré, D
000355644 700__ $$aDurand, D
000355644 700__ $$aEudes, P
000355644 700__ $$aFrankland, J D
000355644 700__ $$aGalíchet, E
000355644 700__ $$aGenouin-Duhamel, E
000355644 700__ $$aGerlic, E
000355644 700__ $$0AUTHOR|(CDS)2073309$$9#BEARD#$$aGermain, M
000355644 700__ $$aGourio, D
000355644 700__ $$aGuinet, D
000355644 700__ $$aHagel, K
000355644 700__ $$aLautesse, P
000355644 700__ $$aLaville, J L
000355644 700__ $$aLecolley, J F
000355644 700__ $$aLefort, T
000355644 700__ $$aLegrain, R
000355644 700__ $$aLe Neindre, N
000355644 700__ $$aLópez, O
000355644 700__ $$aLouvel, M
000355644 700__ $$aMajka, Z
000355644 700__ $$aMaskay, A M
000355644 700__ $$aNalpas, L
000355644 700__ $$0AUTHOR|(CDS)2077845$$9#BEARD#$$aNguyen, A D
000355644 700__ $$aPârlog, M
000355644 700__ $$aPéter, J
000355644 700__ $$aPlagnol, E
000355644 700__ $$aRahmani, A
000355644 700__ $$aReposeur, T
000355644 700__ $$aRivet, M F
000355644 700__ $$aRosato, E
000355644 700__ $$aSaint-Laurent, F
000355644 700__ $$aSteckmeyer, J C
000355644 700__ $$aStern, M
000355644 700__ $$aTabacaru, G
000355644 700__ $$aTamain, B
000355644 700__ $$aTirel, O
000355644 700__ $$aVient, E
000355644 700__ $$aVolant, C
000355644 700__ $$aWada, R
000355644 773__ $$c256$$n1$$pPhys. Rev. C$$v58$$y1998
000355644 8564_ $$uhttp://preprints.cern.ch/cgi-bin/setlink?base=preprint&categ=scan&id=SCAN-9805100$$yAccess to fulltext document
000355644 8564_ $$s1759706$$uhttps://cds.cern.ch/record/355644/files/SCAN-9805100.tif$$yAccess to fulltext document
000355644 8564_ $$s1787282$$uhttps://cds.cern.ch/record/355644/files/SCAN-9805100.pdf$$yAccess to fulltext document
000355644 916__ $$sh$$w199822
000355644 960__ $$a13
000355644 961__ $$c20100727$$h1740$$lCER01$$x19980527
000355644 963__ $$aPUBLIC
000355644 970__ $$a000280206CER
000355644 980__ $$aARTICLE